000 00816nam a2200277 u 4500
001 000039327
005 20200120222333.0
008 100701s2009 cau r 000 0 spa d
020 _a9788466784672
043 _ae-sp---
090 _aC
_bCANEj
100 1 _aCansino, Eliacer
245 0 1 _aJulián tiene miedo /
_cEliacer Cansino ; ilustraciones : Mariana Marcolin ; diseño : Manuel Estrada.
250 _a1a. ed.
260 _aMadrid (España) :
_bAnaya,
_c2009.
300 _a[30] p. :
_bil., col.
490 0 _aSopa de cuentos
500 _aPrimeros lectores
650 1 7 _aÁlbum
650 2 7 _aLiteratura infantil
650 2 7 _aLiteratura española
650 2 7 _aMiedo en la literatura
650 2 7 _aNiños en la literatura
700 1 _aMarcolin, Marina
_eil.
700 1 _aEstrada, Manuel
_edise.
999 _c2384
_d2384